000 01110nam a22002177a 4500
005 20100830104546.0
010 _aHIN-90212
020 _a9788170168812
_c150.00
035 _aHN-62558
037 _bDBAD / PUB
082 _a828.08
100 _aपाटील, तुकाराम
_925004
245 _aयायावर साहित्य अवधारणा और अवदान /
_cतुकाराम पाटील एवं माधुरी आर्या
246 _aYayawar Sahitya:Avadharna aur avadan
_bby Tukaram Patil & Madhuri Arya
260 _aनई दिल्ली
_bकिताब घर
_c2009
270 _a24/4855, अंसारी रोड, दरियागंज
_bनई दिल्ली
_e110002
300 _a120पृ.
_c22सेमी (सजिल्द)
700 _917425
_aआर्या, माधुरी
942 _2ddc
_cHN
_h828.08
_mपाटील
999 _c43119
_d43119